Applied corporate finance : (رقم التسجيلة. 36192)

تفاصيل مارك
000 -الفاتح
حقل البيانات ثابتة الطول 00973cam a2200301 i 4500
001 - رقم الضبط
رقم الضبط 17869063
003 - محدد رقم الضبط
رقم الضبط OSt
005 - وقت وتاريخ اخر تعامل مع التسجيلة
رقم الضبط 20150408114229.0
008 - عناصر البيانات ثابتة الطول - معلومات عامة
حقل البيانات ثابتة الطول 130829s2014 nyua 001 0 eng d
010 ## - رقم ضبط مكتبة الكونجرس
رقم ضبط مكتبة الكونجرس 2013949157
020 ## - الرقم الدولى المعيارى للكتب
الرقم الدولى المعيارى للكتاب 9781461491729
020 ## - الرقم الدولى المعيارى للكتب
الرقم الدولى المعيارى للكتاب 146149172X
035 ## - رقم ضبط النظام
رقم ضبط النظام (OCoLC)ocn876997411
040 ## - مصدر الفهرسة
وكالة الفهرسة الأصلية UUM
لغة الفهرسة eng
وكالة النسخ UUM
قواعد الوصف rda
وكالة التعديل OCLCO
-- DLC
042 ## - رمز التحقق
رمز التحقق lccopycat
050 00 - رقم طلب مكتبة الكونجرس
رقم التصنيف HG4026
رقم المادة .P95 2014
082 ## - رقم تصنيف ديوى العشرى
رقم الطبعة 22
رقم التصنيف 658.15
رقم المادة PMA
100 1# - المدخل الرئيسى - إسم شخصى
الإسم الشخصى Pyles, Mark K.
245 10 - بيان العنوان
العنوان Applied corporate finance :
بقية العنوان questions, problems and making decisions in the real world /
بيان المسئوليه,etc Mark K. Pyles.
300 ## - الوصف المادى
التعداد xii, 338 pages :
تفاصيل ماديه اخرى للوعاء illustrations, some color ;
أبعاد الوعاء 24 cm.
490 0# - بيان السلسلة
عنوان السلسلة Springer texts in business and economics
500 ## - تبصرة عامة
تبصرة عامة Includes index.
650 #0 - المدخل الاضافى بالموضوع-مصطلح موضوعى
مصطلح موضوعي أو اسم جغرافي كعنصر مدخل Corporations
التقسيم الفرعي العام Finance.
906 ## - عنصر بيانات محلى F, LDF (RLIN)
a 7
b cbc
c copycat
d 2
e ncip
f 20
g y-gencatlg
942 ## - عناصر المدخل الإضافي( كوها)
مصدر التصنيف او مخطط الترفيف Dewey Decimal Classification
Koha [default] item type كتاب
المقتنيات
حالة الفقد نموذج السعر الفعال حالة تلف ليس للاعارة رقم الطلب تاريخ الاكتساب الموقع الحالي الباركود الفرع الرئيسي Date last seen نوع المادة فى نظام كوها مصدر التصنيف او خطة الترفيف Total Checkouts
  2014-10-23     658.15 PMA 2014-10-23 المكتبة المركزية بالمجمعة (CL) 00405623 المكتبة المركزية بالمجمعة (CL) 2014-10-23 كتاب Dewey Decimal Classification  
  2014-10-23     658.15 PMA 2014-10-23 المكتبة المركزية بالمجمعة (CL) 00405624 المكتبة المركزية بالمجمعة (CL) 2014-10-23 كتاب Dewey Decimal Classification  
  2014-10-23     658.15 PMA 2014-10-23 المكتبة المركزية بالمجمعة (CL) 00405625 المكتبة المركزية بالمجمعة (CL) 2014-10-23 كتاب Dewey Decimal Classification